[Event "57th World Juniors 2018"]
[Site "Manavgat TUR"]
[Date "2018.09.15"]
[Round "11.55"]
[White "Urazayev, Arystanbek"]
[Black "Eren, Ataberk"]
[Result "1-0"]
[WhiteTitle "CM"]
[WhiteElo "2333"]
[BlackElo "2180"]
[WhiteFideId "13709810"]
[BlackFideId "6349765"]
[EventDate "2018.09.05"]

1. e4 e6 2. d4 d5 3. Nd2 Nf6 4. e5 Nfd7 5. Bd3 c5 6. c3 Nc6 7. Ndf3 Qb6 8. Ne2
cxd4 9. cxd4 f6 10. exf6 Nxf6 11. O-O Bd6 12. Bf4 Bxf4 13. Nxf4 Bd7 14. Qd2 O-O
15. Rfe1 Rae8 16. Rad1 Qc7 17. g3 e5 18. dxe5 Nxe5 19. Nxe5 Rxe5 20. Rxe5 Qxe5
21. Re1 Qd6 22. Bf1 Bc6 23. Qd4 a5 24. Bg2 Rd8 25. a3 h6 26. h4 a4 27. Re6 Qc7
28. Re1 Qd6 29. Bf3 Kh8 30. Re6 Qd7 31. Rxf6 gxf6 32. Qxf6+ Kg8 33. Qg6+ Kh8 34.
Qxh6+ Kg8 35. Qg6+ Kh8 36. Bg4 1-0

[Event "57th World Juniors 2018"]
[Site "Manavgat TUR"]
[Date "2018.09.15"]
[Round "11.56"]
[White "Samani, Yamac"]
[Black "Tasdogen, Dincer"]
[Result "0-1"]
[WhiteTitle "FM"]
[BlackTitle "FM"]
[WhiteElo "2226"]
[BlackElo "2329"]
[WhiteFideId "6352634"]
[BlackFideId "6367097"]
[EventDate "2018.09.05"]

1. e4 c5 2. Nf3 Nf6 3. Nc3 d5 4. exd5 Nxd5 5. Ne5 Qd6 6. Bb5+ Nd7 7. Nc4 Qe6+ 8.
Ne3 Nxe3 9. dxe3 a6 10. Be2 Qb6 11. O-O e6 12. e4 Be7 13. a4 O-O 14. f4 Rd8 15.
Qe1 Nb8 16. Kh1 Nc6 17. e5 Nb4 18. Bd1 Qc7 19. Ne4 b6 20. c3 Nd3 21. Qg3 Bb7 22.
Bf3 Bc6 23. Nf2 Nxf2+ 24. Qxf2 Rd7 25. f5 exf5 26. Bxc6 Qxc6 27. Qxf5 Qe6 28.
Qf3 Rad8 29. Bf4 Qb3 30. Qe2 Rd3 31. h3 Qd5 32. Kh2 g5 33. Bc1 h6 34. Rf5 Rd1
35. h4 Qd3 36. Qf2 gxh4 37. Rf3 Qg6 38. Qe2 a5 39. c4 R8d7 40. b3 Bg5 41. Bxg5
Rxa1 42. e6 Rdd1 43. exf7+ Qxf7 44. Bxh4 Rh1+ 45. Kg3 Qg7+ 46. Kf2 Qd4+ 47. Re3
Raf1+ 0-1

[Event "57th World Juniors 2018"]
[Site "Manavgat TUR"]
[Date "2018.09.15"]
[Round "11.58"]
[White "Nyambileg, Erdene-Ochir"]
[Black "Yilmaz, Goktan"]
[Result "1-0"]
[BlackTitle "CM"]
[WhiteElo "1798"]
[BlackElo "2237"]
[WhiteFideId "4901932"]
[BlackFideId "6354904"]
[EventDate "2018.09.05"]

1. d4 d5 2. c4 e6 3. Nc3 Nf6 4. cxd5 exd5 5. Bg5 Be7 6. e3 c6 7. Bd3 Nbd7 8. Nf3
Ne4 9. Bxe7 Qxe7 10. Qc2 f5 11. O-O O-O 12. Rab1 a5 13. a3 Ng5 14. Nxg5 Qxg5 15.
Rbe1 Nf6 16. f3 Be6 17. Qb3 b5 18. Qc2 g6 19. Nb1 Bd7 20. Nd2 a4 21. f4 Qh6 22.
Nf3 Rfc8 23. Ne5 Qf8 24. Rc1 Qd6 25. Qc5 Qe6 26. Rf3 Be8 27. h4 Nd7 28. Nxd7
Bxd7 29. Kf2 h5 30. Rg3 Kf7 31. Rg5 Re8 32. Re1 Qe7 33. Qc2 Rg8 34. g4 hxg4 35.
h5 Raf8 36. Rh1 gxh5 37. Rgxh5 g3+ 38. Kf3 Ke8 39. Bxf5 Kd8 40. Bxd7 Qxd7 41.
Rh7 Qg4+ 42. Kg2 Re8 43. R1h4 Qc8 44. R4h6 Re6 45. Rh8 Rxh6 46. Rxh6 Kd7 47.
Qh7+ 1-0

[Event "57th World Juniors 2018"]
[Site "Manavgat TUR"]
[Date "2018.09.15"]
[Round "11.60"]
[White "Silva, David"]
[Black "Miciano, John Marvin"]
[Result "1/2-1/2"]
[WhiteTitle "IM"]
[BlackTitle "IM"]
[WhiteElo "2223"]
[BlackElo "2374"]
[WhiteFideId "10101314"]
[BlackFideId "5211948"]
[EventDate "2018.09.05"]

1. e4 g6 2. d4 Bg7 3. Nc3 d6 4. Nf3 Nf6 5. h3 c6 6. a4 O-O 7. Be3 Nbd7 8. a5 e5
9. dxe5 dxe5 10. Qd6 Re8 11. Bc4 Qe7 12. Qxe7 Rxe7 13. O-O h6 14. Rfd1 Re8 15.
g4 g5 16. Ba2 Bf8 17. Nd2 Nc5 18. f3 Be6 19. Nc4 Bxc4 20. Bxc4 b5 21. axb6 axb6
22. b4 Ncd7 23. b5 Rxa1 24. Rxa1 Rc8 25. Bb3 Bc5 26. Kf2 Bxe3+ 27. Kxe3 Nc5 28.
bxc6 Nxb3 29. cxb3 Rxc6 30. Kd3 Rd6+ 31. Ke3 Kf8 32. Ra8+ Ke7 33. Rh8 Rd4 34.
Rxh6 Rb4 35. Rxf6 Rxb3 36. Rxb6 Rxc3+ 37. Kf2 f6 38. Kg3 Ra3 39. Rb7+ Ke6 40.
Rh7 Rb3 41. h4 gxh4+ 42. Rxh4 Kf7 43. Rh5 Kg6 44. Rf5 Rb1 45. Kf2 Rb2+ 1/2-1/2

[Event "57th World Juniors 2018"]
[Site "Manavgat TUR"]
[Date "2018.09.15"]
[Round "11.61"]
[White "Cirovic, Miroljub"]
[Black "Sevgi, Volkan"]
[Result "1/2-1/2"]
[BlackTitle "FM"]
[WhiteElo "2181"]
[BlackElo "2323"]
[WhiteFideId "16502868"]
[BlackFideId "6325335"]
[EventDate "2018.09.05"]

1. d4 Nf6 2. c4 e6 3. Nf3 b6 4. g3 Ba6 5. Nbd2 Bb4 6. Qc2 Bb7 7. Bg2 Be4 8. Qb3
c5 9. dxc5 bxc5 10. O-O Bxd2 11. Bxd2 Nc6 12. Qe3 Qe7 13. Bc3 Bxf3 14. Bxf3 Rc8
15. Kh1 O-O 16. Kg2 Kh8 17. Kh1 Kg8 18. Kg2 Kh8 19. Kh1 Kg8 20. Kg2 1/2-1/2

[Event "57th World Juniors 2018"]
[Site "Manavgat TUR"]
[Date "2018.09.15"]
[Round "11.62"]
[White "Nastase, Robert-Paul"]
[Black "Ongut, Tamas Gunes"]
[Result "1-0"]
[WhiteTitle "FM"]
[BlackTitle "FM"]
[WhiteElo "2313"]
[BlackElo "2121"]
[WhiteFideId "1221175"]
[BlackFideId "770280"]
[EventDate "2018.09.05"]

1. e4 c5 2. Nf3 d6 3. d4 cxd4 4. Nxd4 Nf6 5. Nc3 a6 6. Be3 e5 7. Nb3 Be6 8. f3
Be7 9. Qd2 O-O 10. O-O-O a5 11. a4 Na6 12. Qf2 Nb4 13. Bb6 Qb8 14. Bxa5 d5 15.
exd5 Nbxd5 16. Nxd5 Bxd5 17. Qd2 Qa7 18. c4 Rfc8 19. Qc3 b6 20. Bb4 Qxa4 21.
Bxe7 Bxc4 22. Nc5 Rxc5 23. Bxc5 Bb3 24. Ba3 Bxd1 25. Bc4 b5 26. Bxf7+ Kxf7 27.
Rxd1 Qc4 28. Qxc4+ bxc4 29. Kc2 Rc8 30. Rd6 Rc7 31. Bb4 e4 32. fxe4 Nxe4 33. Rd4
Nf6 34. Bc3 Re7 35. Kd1 Rd7 36. Rxd7+ Nxd7 37. Ke2 Ke6 38. Bxg7 Kf5 39. Ke3 Nc5
40. Bc3 Ne6 41. Kf3 Ng5+ 42. Ke3 Ne6 43. Bh8 h5 44. Kf3 Nf4 45. Bd4 Nd5 46. g3
Nb4 47. h3 Nc6 48. Bc3 Ne7 49. g4+ hxg4+ 50. hxg4+ Kg5 51. Bd2+ Kh4 52. g5 Kh5
53. Ke4 Nc8 54. Be3 Nd6+ 55. Kd5 Nf5 56. Bd2 Ng3 57. Kxc4 Ne4 58. Bc1 1-0

[Event "57th World Juniors 2018"]
[Site "Manavgat TUR"]
[Date "2018.09.15"]
[Round "11.63"]
[White "Piyumantha, M Sasith Nipun"]
[Black "Ozenir, Ekin Baris"]
[Result "0-1"]
[WhiteTitle "FM"]
[BlackTitle "FM"]
[WhiteElo "2139"]
[BlackElo "2303"]
[WhiteFideId "9916148"]
[BlackFideId "6357415"]
[EventDate "2018.09.05"]

1. d4 Nf6 2. c4 e6 3. Nf3 b6 4. g3 Bb7 5. Bg2 g6 6. O-O Bg7 7. Nc3 Ne4 8. Qc2
Nxc3 9. bxc3 O-O 10. Ba3 Re8 11. e4 Nc6 12. Nd2 d6 13. f4 f6 14. Kh1 Qd7 15.
Rad1 e5 16. d5 Nd8 17. f5 Ba6 18. h4 Nf7 19. Bh3 h5 20. Rg1 Nh6 21. g4 hxg4 22.
Bxg4 gxf5 23. exf5 Kh8 24. Qe4 Rg8 25. Bh3 Qe8 26. Rdf1 Qh5 27. Nf3 Bc8 28. Nh2
Bd7 29. Bc1 Rac8 30. Rg6 c6 31. Rfg1 cxd5 32. cxd5 Nxf5 33. c4 b5 34. c5 Rxc5
35. Bh6 Rc4 36. Qg2 Nxh4 37. Rxg7 Nxg2 38. Rxg8+ Kxg8 39. Bxd7 Qxh6 40. Rxg2+
Kf8 0-1

[Event "57th World Juniors 2018"]
[Site "Manavgat TUR"]
[Date "2018.09.15"]
[Round "11.64"]
[White "Tifferet, Shaked"]
[Black "Cansun, Can Alp"]
[Result "1/2-1/2"]
[WhiteTitle "FM"]
[WhiteElo "2299"]
[BlackElo "2110"]
[WhiteFideId "2811529"]
[BlackFideId "6390188"]
[EventDate "2018.09.05"]

1. e4 c5 2. Nf3 Nc6 3. d4 cxd4 4. Nxd4 e6 5. Nc3 Qc7 6. f4 a6 7. Be2 b5 8. Nxc6
dxc6 9. Be3 Bb7 10. O-O Nf6 11. e5 Rd8 12. Qe1 Nd5 13. Nxd5 cxd5 14. c3 Be7 15.
a4 bxa4 16. Rxa4 Qc6 17. Qa1 Ra8 18. Qa2 O-O 19. Ra1 Bc5 20. Bxc5 Qxc5+ 21. Kh1
Qf2 22. Bf3 h6 23. Qb1 Rfb8 24. b4 Qe3 25. Qc1 Qxc1+ 26. Rxc1 Bc6 27. Raa1 Bb5
28. Kg1 Kf8 29. Kf2 Ke7 30. Be2 Rc8 31. Ra3 Kd7 32. Rca1 Rab8 33. Ke3 Bxe2 34.
Kxe2 Rc4 35. g3 Rb6 36. Kd3 Rbc6 37. Rb1 f6 38. exf6 gxf6 39. b5 axb5 40. Rxb5
Kd6 41. Rb8 e5 42. Rh8 exf4 43. Rxh6 fxg3 44. Rxf6+ Ke5 45. Rxc6 Rxc6 46. hxg3
Rg6 47. Kc2 Rxg3 48. Ra4 Rg2+ 49. Kb3 Rd2 50. Rh4 Rd1 51. Kc2 Re1 52. Rd4 Re4
53. Rd2 1/2-1/2

[Event "57th World Juniors 2018"]
[Site "Manavgat TUR"]
[Date "2018.09.15"]
[Round "11.65"]
[White "Erdogan, Anil Berk"]
[Black "Gulbeyaz, Emir"]
[Result "1/2-1/2"]
[WhiteTitle "CM"]
[WhiteElo "2083"]
[BlackElo "2285"]
[WhiteFideId "6348173"]
[BlackFideId "6377076"]
[EventDate "2018.09.05"]

1. e4 c6 2. d4 g6 3. Nc3 Bg7 4. Bc4 d5 5. exd5 b5 6. Bb3 b4 7. Nce2 cxd5 8. Nf3
Nf6 9. a3 bxa3 10. Rxa3 O-O 11. O-O Nbd7 12. Ne5 Bb7 13. Nc3 e6 14. Bg5 h6 15.
Nxd7 Qxd7 16. Be3 Ne4 17. Nxe4 dxe4 18. Qd2 Rfd8 19. c3 Kh7 20. Rfa1 e5 21. d5
f5 22. Bxa7 f4 23. Re1 Bf8 24. Ra5 Qc7 25. c4 e3 26. fxe3 fxe3 27. Rxe3 Rxa7 28.
Rxa7 Bc5 29. Rxb7 Qxb7 30. Kh1 Bxe3 31. Qxe3 Rb8 32. Qf2 Kg7 33. Qg3 e4 34. h4 1/2-1/2

[Event "57th World Juniors 2018"]
[Site "Manavgat TUR"]
[Date "2018.09.15"]
[Round "11.66"]
[White "Ismayilov, Muhammad"]
[Black "Vanczak, Tamas"]
[Result "1/2-1/2"]
[BlackTitle "FM"]
[WhiteElo "2137"]
[BlackElo "2276"]
[WhiteFideId "13410024"]
[BlackFideId "759929"]
[EventDate "2018.09.05"]

1. e4 c6 2. Nf3 d5 3. Nc3 Bg4 4. h3 Bxf3 5. Qxf3 e6 6. d4 dxe4 7. Qxe4 Nd7 8.
Bd3 g6 9. Bf4 Bg7 10. O-O-O Ngf6 11. Qe3 Nd5 12. Nxd5 cxd5 13. h4 Qb6 14. Be2 h5
15. g4 hxg4 16. Bxg4 Nf6 17. Be2 Nh5 18. Kb1 Nxf4 19. Qxf4 Rc8 20. Rh3 Qc7 21.
Qxc7 Rxc7 22. f4 Ke7 23. c3 Rcc8 24. Rdh1 Rh7 25. h5 Rch8 26. Kc2 gxh5 27. Rxh5
Rxh5 28. Rxh5 Rxh5 29. Bxh5 f6 30. f5 e5 31. Bf3 Kd6 32. Bh5 Bh6 33. Bf7 exd4 1/2-1/2

[Event "57th World Juniors 2018"]
[Site "Manavgat TUR"]
[Date "2018.09.15"]
[Round "11.67"]
[White "Kilic, Efe Mert"]
[Black "Caglar, Ahmet Ata"]
[Result "1-0"]
[WhiteTitle "FM"]
[WhiteElo "2269"]
[BlackElo "2071"]
[WhiteFideId "6354327"]
[BlackFideId "6328636"]
[EventDate "2018.09.05"]

1. e4 c5 2. Nc3 e6 3. Nf3 Nc6 4. d4 cxd4 5. Nxd4 Qc7 6. g3 a6 7. Bg2 Nf6 8. O-O
Nxd4 9. Qxd4 Bc5 10. Qd3 d6 11. Bf4 Ng4 12. Na4 e5 13. Nxc5 Qxc5 14. Bd2 Be6 15.
b3 b5 16. h3 Nf6 17. Rfd1 Rd8 18. Be3 Qc8 19. Bb6 Rd7 20. f4 exf4 21. gxf4 d5
22. f5 dxe4 23. Qg3 Bxf5 24. Qxg7 Ke7 25. Rxd7+ Nxd7 26. Qg5+ Ke6 27. Rf1 Bg6
28. h4 f5 29. Bd4 Rf8 30. h5 1-0

[Event "57th World Juniors 2018"]
[Site "Manavgat TUR"]
[Date "2018.09.15"]
[Round "11.68"]
[White "Daghan, Devran"]
[Black "Kara, Yanki"]
[Result "0-1"]
[WhiteElo "2004"]
[BlackElo "2262"]
[WhiteFideId "6371930"]
[BlackFideId "6370306"]
[EventDate "2018.09.05"]

1. e4 c5 2. Nc3 b6 3. Nf3 Bb7 4. d4 cxd4 5. Nxd4 a6 6. Bg5 Qc7 7. Qf3 e6 8. a3
d6 9. O-O-O Nd7 10. Be2 Ngf6 11. Qh3 Be7 12. f4 Nc5 13. Bf3 Nfxe4 14. Nxe4 Nxe4
15. Bxe4 Bxe4 16. Rhe1 d5 17. Rxe4 dxe4 18. Nxe6 fxe6 19. Qxe6 Rd8 20. Rxd8+
Kxd8 21. Qd5+ Ke8 22. Qa8+ Qd8 23. Qc6+ Kf8 24. Bxe7+ Kxe7 25. Qxe4+ Kd6 26.
Qd4+ Kc6 27. Qc4+ Kb7 28. Qf7+ Qc7 29. Qd5+ Ka7 0-1

[Event "57th World Juniors 2018"]
[Site "Manavgat TUR"]
[Date "2018.09.15"]
[Round "11.70"]
[White "Zlatin, Alexander"]
[Black "Karaoglan, Doruk"]
[Result "1/2-1/2"]
[WhiteElo "2312"]
[BlackElo "2196"]
[WhiteFideId "2810549"]
[BlackFideId "6390927"]
[EventDate "2018.09.05"]

1. e4 c5 2. c3 Nf6 3. e5 Nd5 4. d4 cxd4 5. Nf3 e6 6. cxd4 b6 7. Bd3 Bb4+ 8. Bd2
Bxd2+ 9. Qxd2 Ba6 10. O-O Bxd3 11. Qxd3 Nc6 12. a3 O-O 13. Nbd2 f6 14. Rfe1 fxe5
15. dxe5 Qe8 16. Rac1 Nf4 17. Qe4 Qh5 18. g3 Nh3+ 19. Kg2 Ne7 20. Rc4 Ng6 21.
Qe3 Qf5 22. Re2 Rac8 23. Nh4 Nxh4+ 24. Rxh4 Ng5 25. Ne4 Qf3+ 26. Qxf3 Nxf3 27.
Rf4 Nxe5 28. Nd6 Rc5 29. Rd4 Nc6 30. Rd1 Rd5 31. Rxd5 exd5 32. b4 a6 33. Rd2 d4
34. b5 axb5 35. Nxb5 Ra8 36. Nxd4 Rxa3 37. Nf5 Ra5 38. Ne3 Ra7 39. Rb2 Rb7 40.
Nc4 b5 41. Nd6 Rb6 42. Rxb5 Rxb5 43. Nxb5 Kf7 44. f4 Kf6 45. Kf3 g5 46. fxg5+
Kxg5 47. h4+ Kf6 48. Ke4 h5 49. Nc7 Ne7 50. Ne8+ Kf7 51. Nc7 Kf6 52. Ne8+ 1/2-1/2

[Event "57th World Juniors 2018"]
[Site "Manavgat TUR"]
[Date "2018.09.15"]
[Round "11.71"]
[White "Jogstad, Martin"]
[Black "Baylav, Can"]
[Result "1-0"]
[WhiteTitle "FM"]
[WhiteElo "2305"]
[BlackElo "2026"]
[WhiteFideId "1715364"]
[BlackFideId "6361293"]
[EventDate "2018.09.05"]

1. d4 Nf6 2. c4 g6 3. Nc3 d5 4. cxd5 Nxd5 5. e4 Nxc3 6. bxc3 Bg7 7. Qa4+ Nd7 8.
Nf3 O-O 9. Be2 c5 10. O-O cxd4 11. cxd4 Nc5 12. dxc5 Bxa1 13. e5 Qc7 14. Qf4 Bc3
15. Qe3 Qa5 16. Qh6 f6 17. exf6 Bxf6 18. Ng5 Bxg5 19. Bc4+ e6 20. Qxg5 Qd8 21.
Qe3 Qf6 22. Qb3 Bd7 23. Bb2 Qe7 24. Re1 Qxc5 25. Qc3 Qxf2+ 26. Kh1 Kf7 27. Rf1
Qxf1+ 28. Bxf1 Ke8 29. Kg1 Rc8 30. Qb4 b6 31. Ba3 Rf7 32. Qd4 Kd8 33. Ba6 Rc2
34. Qh8+ Kc7 35. Qa8 Rff2 36. Qxa7+ Kd8 37. Qxb6+ Ke8 38. Qxf2 1-0

[Event "57th World Juniors 2018"]
[Site "Manavgat TUR"]
[Date "2018.09.15"]
[Round "11.72"]
[White "Thilakarathne, G M H"]
[Black "Taalaibekov, Tagir"]
[Result "1-0"]
[WhiteTitle "FM"]
[WhiteElo "2238"]
[BlackElo "2291"]
[WhiteFideId "9912053"]
[BlackFideId "13801163"]
[EventDate "2018.09.05"]

1. e4 e6 2. d4 d5 3. Nd2 c5 4. exd5 exd5 5. Ngf3 Nc6 6. Bb5 Bd6 7. dxc5 Bxc5 8.
O-O Ne7 9. Nb3 Bb6 10. h3 O-O 11. Bd3 Ng6 12. c3 Bc7 13. Be3 b6 14. Nbd4 Nce5
15. Nxe5 Nxe5 16. f4 Nxd3 17. Qxd3 Re8 18. Rf3 Re4 19. Raf1 Bb7 20. f5 Qh4 21.
f6 g6 22. Qd2 Be5 23. g4 Bxf6 24. Rxf6 Qxh3 25. Bf4 Ba6 26. Rf3 Qxg4+ 27. Bg3
Rae8 28. Rxf7 Re1+ 29. Kf2 Rh1 30. Qf4 Qxf4 31. R3xf4 g5 32. R4f6 Bf1 33. Bd6
Bh3 34. Rf8+ Rxf8 35. Rxf8+ Kg7 36. Nf5+ Kg6 37. Ne3 Rb1 38. Kg3 Be6 39. Be5 Bf7
40. Rd8 h5 41. Rd6+ Kh7 42. Nf5 h4+ 43. Kh3 Be8 44. Rh6+ Kg8 45. Rh8+ Kf7 46.
Nd6+ Ke6 47. Rxe8+ Kd7 48. Rg8 Rxb2 49. Rxg5 Rxa2 50. Nf5 a5 51. Nd4 Ra3 52.
Rg7+ Kc8 53. Rc7+ Kd8 54. Ne6+ Ke8 55. Bf6 1-0

[Event "57th World Juniors 2018"]
[Site "Manavgat TUR"]
[Date "2018.09.15"]
[Round "11.73"]
[White "De Block, Yordi"]
[Black "Yaran, Siar"]
[Result "1/2-1/2"]
[BlackTitle "CM"]
[WhiteElo "2118"]
[BlackElo "2271"]
[WhiteFideId "214175"]
[BlackFideId "6323006"]
[EventDate "2018.09.05"]

1. d4 c5 2. c3 Nf6 3. Nf3 g6 4. Bf4 Bg7 5. e3 b6 6. Be2 Bb7 7. Nbd2 d6 8. h3
Nbd7 9. O-O O-O 10. Qc2 Rc8 11. dxc5 Rxc5 12. Rfd1 Qa8 13. Ne1 Ne4 14. Nxe4 Bxe4
15. Qd2 Rfc8 16. f3 Bb7 17. e4 R5c7 18. Nd3 Nc5 19. Nxc5 Rxc5 20. Be3 R5c7 21.
Bd4 Bxd4+ 22. Qxd4 Rc5 23. Rac1 Qb8 24. Qe3 Qc7 25. f4 b5 26. Bg4 e6 27. Bf3 b4
28. Rb1 bxc3 29. bxc3 Ba6 30. Qd4 Ra5 31. Qxd6 Rxa2 32. Qxc7 Rxc7 33. Ra1 Rxa1
34. Rxa1 Bb5 35. Kf2 Kg7 36. Be2 Bxe2 37. Kxe2 Rxc3 38. Rxa7 h6 39. Ra5 Kf6 40.
h4 Rb3 41. Kf2 Rb8 42. Kf3 Rg8 43. Rb5 g5 44. hxg5+ hxg5 45. g3 gxf4 46. gxf4
Rg1 47. Ra5 Rf1+ 48. Ke3 Rb1 49. Kf3 Rb3+ 50. Kg4 Re3 51. Ra4 Kg7 52. Rb4 Kg6
53. Ra4 Re1 54. Kf3 Rf1+ 55. Kg3 Kf6 56. Rb4 Ra1 57. Rb5 Ra4 58. Kf3 Kg6 59. Rc5
Ra1 60. Rg5+ Kf6 61. Rb5 Ra3+ 62. Kg4 Re3 63. Rb4 Kg6 64. f5+ 1/2-1/2

[Event "57th World Juniors 2018"]
[Site "Manavgat TUR"]
[Date "2018.09.15"]
[Round "11.74"]
[White "Akin, Kadir"]
[Black "Nalbant, Tuna Onat"]
[Result "1-0"]
[BlackTitle "FM"]
[WhiteElo "1974"]
[BlackElo "2241"]
[WhiteFideId "6348874"]
[BlackFideId "6372821"]
[EventDate "2018.09.05"]

1. e4 c5 2. c3 Nf6 3. e5 Nd5 4. d4 cxd4 5. Nf3 e6 6. cxd4 d6 7. a3 Bd7 8. Bd3
Bc6 9. O-O Nd7 10. Qe2 Be7 11. Rd1 O-O 12. Nc3 dxe5 13. Nxd5 Bxd5 14. dxe5 Nc5
15. Bc2 a5 16. Be3 a4 17. Bxh7+ Kxh7 18. Bxc5 g6 19. Bxe7 Qxe7 20. Rd4 Kg7 21.
Qe3 Rh8 22. Rf4 Rh5 23. Rc1 Ra5 24. Qb6 Ra6 25. Qc7 Qe8 26. g4 Rh8 27. Ng5 Rf8
28. h4 Rc6 29. Rxc6 Bxc6 30. Rf6 Qd7 31. Qxd7 Bxd7 32. h5 gxh5 33. gxh5 Rg8 34.
Rxf7+ Kh6 35. f4 Rg7 36. Rxg7 Kxg7 37. Ne4 b6 38. Nf6 Bb5 39. Kf2 Kh6 40. Kg3
Be2 41. Kh4 b5 42. Ng4+ Kg7 43. Kg5 Kf7 44. Nf6 Bd3 45. h6 Bf5 46. Nd7 Bh7 47.
Nc5 Bc2 48. Nb7 Kg8 49. Kf6 Kh7 50. Kxe6 Kxh6 51. f5 Bb3+ 52. Kf6 Bd5 53. Nd6
Bc6 54. e6 1-0

[Event "57th World Juniors 2018"]
[Site "Manavgat TUR"]
[Date "2018.09.15"]
[Round "11.75"]
[White "Akdogan, Alperen"]
[Black "Kilic, Gokturk Kagan"]
[Result "1-0"]
[WhiteTitle "FM"]
[WhiteElo "2278"]
[BlackElo "1910"]
[WhiteFideId "6347363"]
[BlackFideId "6367925"]
[EventDate "2018.09.05"]

1. d4 Nf6 2. Nf3 g6 3. c4 Bg7 4. Nc3 d6 5. e4 O-O 6. h3 e5 7. d5 Nh5 8. g3 Na6
9. Be2 f5 10. exf5 gxf5 11. Bg5 Qe8 12. Nh4 Nf6 13. Qc2 Nb4 14. Qd2 a5 15. O-O-O
Qf7 16. Rhg1 Re8 17. a3 Na6 18. Qc2 Nc5 19. Be3 e4 20. g4 Nd3+ 21. Bxd3 exd3 22.
Qxd3 fxg4 23. Bd4 Qh5 24. Qg3 Bh6+ 25. Kb1 Ne4 26. Nxe4 Rxe4 27. f3 Rxd4 28.
Rxd4 Be3 29. Rxg4+ Bxg4 30. Qxg4+ Qxg4 31. Rxg4+ Kh8 32. Nf5 Bb6 33. Ng7 Rf8 34.
f4 Rg8 35. Ne6 Rg6 36. Kc2 Rh6 37. Nd8 Rf6 38. Kd3 h5 39. Rh4 Kg7 40. Rxh5 Rg6
41. Rg5 Rxg5 42. fxg5 Kg6 43. Ne6 Kf5 44. a4 Ba7 45. h4 Bb6 46. h5 1-0

[Event "57th World Juniors 2018"]
[Site "Manavgat TUR"]
[Date "2018.09.15"]
[Round "11.76"]
[White "Ozgur, Tibet Kagan"]
[Black "Maltezeanu, Stefan"]
[Result "0-1"]
[WhiteElo "2056"]
[BlackElo "2089"]
[WhiteFideId "6322832"]
[BlackFideId "4004655"]
[EventDate "2018.09.05"]

1. d4 Nf6 2. Nf3 d5 3. Bf4 c5 4. c3 Nc6 5. e3 Qb6 6. Qb3 c4 7. Qxb6 axb6 8. Na3
Na7 9. Be5 b5 10. Be2 Bf5 11. Nh4 Be4 12. f3 Bg6 13. Nxg6 hxg6 14. Bg3 e6 15.
Nc2 Nc6 16. a3 Kd7 17. O-O-O Bd6 18. Bxd6 Kxd6 19. Rde1 Rh4 20. Bd1 Rah8 21. h3
Ne7 22. Rhf1 Nf5 23. Rf2 Ng3 24. Nb4 Ke7 25. Bc2 Rd8 26. Kd2 Kf8 27. Na2 g5 28.
Nc1 Nfh5 29. Na2 Nf6 30. Nb4 g6 31. Rg1 Kg7 32. Ke1 Nfh5 33. Rd2 f5 34. Kf2 g4
35. hxg4 fxg4 36. Rdd1 Rf8 37. Ra1 Rh2 38. Bd1 Ne4+ 39. Ke1 gxf3 40. Bxf3 Nhg3
41. a4 Rfh8 42. Bxe4 Rh1 43. Kd2 Nxe4+ 44. Ke2 Rxg1 45. Rxg1 bxa4 46. Nc2 Rf8
47. Kd1 Rf2 48. Kc1 Ng3 49. Kb1 Ne2 50. Re1 Rxg2 51. e4 dxe4 52. Ne3 Rg1 53.
Rxg1 Nxg1 54. Nxc4 g5 55. Kc2 g4 56. Kd2 Kf6 57. Ke3 Kg5 58. Nd6 g3 59. Nxe4+
Kg4 60. Nd2 Nh3 61. Nf3 g2 62. c4 Ng5 63. Ne5+ Kg3 0-1

[Event "57th World Juniors 2018"]
[Site "Manavgat TUR"]
[Date "2018.09.15"]
[Round "11.77"]
[White "Gulden, Egemen"]
[Black "Lin, Peisen"]
[Result "1-0"]
[WhiteTitle "CM"]
[WhiteElo "2068"]
[BlackElo "2034"]
[WhiteFideId "6324983"]
[BlackFideId "8611505"]
[EventDate "2018.09.05"]

1. e4 e6 2. d4 d5 3. Bd3 dxe4 4. Bxe4 Nf6 5. Bf3 c5 6. Be3 cxd4 7. Qxd4 Nbd7 8.
Qa4 Bd6 9. Nc3 O-O 10. O-O-O Qe7 11. Nge2 Bc5 12. Bxc5 Nxc5 13. Qa3 Rb8 14. Qxa7
Bd7 15. Qb6 Rfc8 16. Nd4 e5 17. Rhe1 e4 18. Kb1 Qe5 19. g3 Bc6 20. Be2 Ra8 21.
Nb3 Nfd7 22. Qb4 Qf5 23. Nxc5 Nxc5 24. Qd4 Ne6 25. Qb6 Nc5 26. Bc4 Nd7 27. Qd4
Nf6 28. Bb3 Qa5 29. h3 b5 30. a3 Rab8 31. Qb4 Qa7 32. Re2 Re8 33. Rd4 Qb7 34. a4
bxa4 35. Qxb7 Bxb7 36. Nxa4 Bc8 37. g4 g5 38. Nc5 Bb7 39. Nd7 Nxd7 40. Rxd7 Rf8
41. Red2 Ba6 42. Re7 Bf1 43. Rdd7 1-0

[Event "57th World Juniors 2018"]
[Site "Manavgat TUR"]
[Date "2018.09.15"]
[Round "11.78"]
[White "Ozturk, Efe Hakan"]
[Black "Nurgaliyev, Sauat"]
[Result "1-0"]
[WhiteTitle "CM"]
[BlackTitle "CM"]
[WhiteElo "2065"]
[BlackElo "1685"]
[WhiteFideId "34550216"]
[BlackFideId "13726285"]
[EventDate "2018.09.05"]

1. Nf3 Nf6 2. g3 e6 3. Bg2 d5 4. d4 Be7 5. O-O O-O 6. c4 b6 7. cxd5 exd5 8. Nc3
Bb7 9. Bf4 Bd6 10. Ne5 c6 11. e4 dxe4 12. Nxe4 Bxe5 13. dxe5 Nd5 14. Bg5 Qc7 15.
Nd6 h6 16. Bxd5 cxd5 17. Bf4 Qd7 18. Qh5 Kh7 19. Nf5 Qe6 20. Nd4 Qd7 21. Qf5+
Qxf5 22. Nxf5 g5 23. Be3 Nc6 24. f4 gxf4 25. Bxf4 h5 26. Nd6 Bc8 27. Rfd1 Be6
28. Rac1 Ne7 29. Bg5 Ng8 30. Rc7 Kg6 31. h4 f6 32. exf6 Nxf6 33. Re1 Bh3 34.
Ree7 Rg8 35. Rxa7 Rad8 36. Nf7 Rc8 37. Nh6 Ne4 38. Nxg8 Rc2 39. Rg7+ Kf5 40.
Ne7+ Ke5 41. Ng6+ Kd4 42. Ra4+ Rc4 43. Rxc4+ dxc4 44. Nf4 Bg4 45. Rb7 Kc5 46.
Bd8 b5 47. Rh7 Nxg3 48. Kg2 Nf5 49. Nxh5 Ne3+ 50. Kg3 Bf5 51. Rc7+ Kb4 52. Be7+
Ka5 53. Bc5 Nf1+ 54. Kf4 b4 55. Kxf5 Kb5 56. a3 c3 57. bxc3 b3 58. Rb7+ Kxc5 59.
Rxb3 Ne3+ 60. Kg5 Kc4 61. Rb8 Kxc3 62. Nf4 Nc4 63. h5 Nxa3 64. h6 Nc4 65. h7 Nd6
66. Kg6 Nf7 67. Kxf7 Kd4 68. h8=B+ Ke4 69. Rb4+ Kf3 70. Kf6 Kg4 71. Ng6+ Kf3 72.
Kf5 Kg3 73. Be5+ Kf3 74. Rb3+ Ke2 75. Ke4 Kf2 76. Nh4 Ke2 77. Rb2+ Ke1 78. Bc3+
Kf1 79. Ke3 Kg1 80. Nf3+ Kh1 81. Rh2# 1-0